[Event "DVM U10 2015"]
[Site "Magdeburg GER"]
[Date "2015.12.28"]
[Round "3"]
[White "Kogan, Gabriel"]
[Black "Raasch, Hauke"]
[Result "0-1"]
[Termination "normal"]
[Board "4.2"]
[WhiteElo "1132"]
[BlackElo "1171"]
[WhiteTeam "SG Porz"]
[BlackTeam "SC Eintracht Berlin"]
[PlyCount "72"]
[WhiteFideId "16238265"]
[BlackFideId "16210034"]
[EventCountry "GER"]
[EventRounds "7"]
[EventType "team-swiss"]
[EventDate "2015.12.27"]

1. e4 d5 2. exd5 Qxd5 3. Nc3 Qa5 4. d4 c6 5. Bc4 Qc7 6. Nf3 Bg4 7. h3 Bh5 8.
Qd3 e6 9. O-O Bd6 10. Ne4 Nd7 11. Nxd6+ Qxd6 12. Re1 Ngf6 13. Bg5 O-O 14. Bxf6
Nxf6 15. Ne5 Rad8 16. c3 Qc7 17. Qg3 Qb6 18. Bb3 c5 19. dxc5 Qxc5 20. Re3 Nd5
21. Re4 Bg6 22. Rc4 Qb6 23. Rd4 Nf6 24. Rxd8 Rxd8 25. Nxg6 hxg6 26. Re1 Rd2 27.
Re3 Rxb2 28. Rd3 Ne4 29. Qb8+ Kh7 30. Rd4 Nf6 31. Rh4+ Nh5 32. Qf4 Kg8 33. Qb8+
Kh7 34. Qf4 Qd6 35. g4 Rb1+ 36. Kg2 Qa6 0-1

[Event "DVM U10 2015"]
[Site "Magdeburg GER"]
[Date "2015.12.28"]
[Round "3"]
[White "Gräbnitz, Marc-Florian"]
[Black "Sabirov, Rafael"]
[Result "0-1"]
[Termination "normal"]
[Board "4.3"]
[WhiteElo "1153"]
[BlackElo "1198"]
[WhiteTeam "SC Eintracht Berlin"]
[BlackTeam "SG Porz"]
[PlyCount "24"]
[WhiteFideId "16226992"]
[BlackFideId "16241185"]
[EventCountry "GER"]
[EventRounds "7"]
[EventType "team-swiss"]
[EventDate "2015.12.27"]

1. e4 c5 2. c3 e6 3. d3 a6 4. Be3 Qc7 5. Be2 Be7 6. Nf3 Nf6 7. Qd2 Nc6 8. Bf4
d6 9. O-O O-O 10. Bg5 Nd4 11. Nxd4 cxd4 12. cxd4 Ne8 0-1

[Event "DVM U10 2015"]
[Site "Magdeburg GER"]
[Date "2015.12.28"]
[Round "3"]
[White "Nanu, Andreas-Christian"]
[Black "Lieger, Lucas"]
[Result "0-1"]
[Termination "normal"]
[Board "4.4"]
[WhiteElo "1078"]
[BlackElo "1239"]
[WhiteTeam "SG Porz"]
[BlackTeam "SC Eintracht Berlin"]
[PlyCount "54"]
[WhiteFideId "1240188"]
[BlackFideId "16210026"]
[EventCountry "GER"]
[EventRounds "7"]
[EventType "team-swiss"]
[EventDate "2015.12.27"]

1. d4 d5 2. c4 e6 3. Nc3 Nf6 4. Nf3 c6 5. Bg5 Nbd7 6. e4 dxe4 7. Nxe4 Be7 8.
Nxf6+ Bxf6 9. Be3 O-O 10. Bd3 g6 11. O-O Re8 12. Bc2 e5 13. Qd2 e4 14. Ne1 b6
15. f4 Ba6 16. b3 c5 17. Rd1 Qc8 18. f5 Bb7 19. Bg5 Bxd4+ 20. Kh1 e3 21. Qe2
Qc6 22. Nf3 Qd6 23. Bxe3 Bxf3 24. Qxf3 Rxe3 25. Qxa8+ Nf8 26. Qxa7 Rh3 27. Rxd4
Qxh2# 0-1

[Event "DVM U10 2015"]
[Site "Magdeburg GER"]
[Date "2015.12.28"]
[Round "3"]
[White "Hoffmann, Siegfried"]
[Black "Senechal, Niklas Bennett"]
[Result "0-1"]
[Termination "normal"]
[Board "5.1"]
[WhiteElo "1346"]
[BlackElo "992"]
[WhiteTeam "USC Magdeburg 1"]
[BlackTeam "Lübecker SV von 1873"]
[PlyCount "82"]
[WhiteFideId "16252268"]
[BlackFideId "16231180"]
[EventCountry "GER"]
[EventRounds "7"]
[EventType "team-swiss"]
[EventDate "2015.12.27"]

1. e4 c5 2. Nf3 Nc6 3. Bc4 g6 4. Nc3 Bg7 5. d3 d6 6. Be3 Nf6 7. Qd2 Bg4 8. Rg1
Bxf3 9. gxf3 b5 10. Bd5 Nxd5 11. Nxd5 Bxb2 12. Rb1 Bg7 13. Bh6 O-O 14. Bxg7
Kxg7 15. h4 Ne5 16. Ke2 h5 17. Nf4 Kh7 18. Rg5 e6 19. Nxh5 f6 20. Nxf6+ Qxf6
21. f4 Qxf4 22. Qxf4 Rxf4 23. h5 Raf8 24. hxg6+ Nxg6 25. Rh1+ Kg7 26. Rh2 R8f6
27. c3 e5 28. a3 Kf7 29. Rh7+ Ke6 30. Rh2 Nh4 31. Rg3 d5 32. exd5+ Kxd5 33. Rg7
Nf3 34. Rgh7 Nxh2 35. Rxh2 e4 36. Rh5+ R6f5 37. Rh2 exd3+ 38. Kxd3 Rf3+ 39. Kc2
Rxf2+ 40. Rxf2 Rxf2+ 41. Kb3 a5 0-1

[Event "DVM U10 2015"]
[Site "Magdeburg GER"]
[Date "2015.12.28"]
[Round "3"]
[White "Bornholdt, Joa Max"]
[Black "Khanbekyan, Areg"]
[Result "1-0"]
[Termination "normal"]
[Board "5.2"]
[WhiteElo "1060"]
[BlackElo "1154"]
[WhiteTeam "Lübecker SV von 1873"]
[BlackTeam "USC Magdeburg 1"]
[PlyCount "64"]
[WhiteFideId "16253477"]
[BlackFideId "12993727"]
[EventCountry "GER"]
[EventRounds "7"]
[EventType "team-swiss"]
[EventDate "2015.12.27"]

1. e4 c5 2. Nc3 Nc6 3. Bc4 Nf6 4. Nf3 d6 5. d3 g6 6. Bg5 Bg7 7. Qd2 O-O 8. O-O
Ng4 9. Bf4 Bd7 10. h3 Nge5 11. Nxe5 Nxe5 12. Bd5 Rb8 13. Rad1 b5 14. Qe3 b4 15.
Ne2 Bb5 16. a3 a5 17. axb4 axb4 18. Rd2 e6 19. Bb3 d5 20. Qxc5 Qa5 21. Qe3 Rbd8
22. d4 Nc6 23. exd5 exd5 24. c3 Rfe8 25. Qg3 bxc3 26. Nxc3 Bxf1 27. Bc7 Qa1 28.
Rd1 Qxb2 29. Na4 Qe2 30. Bxd8 Nxd8 31. Rxf1 Bxd4 32. Bd1 Qd2 1-0

[Event "DVM U10 2015"]
[Site "Magdeburg GER"]
[Date "2015.12.28"]
[Round "3"]
[White "Pikalow, Michael"]
[Black "Saage, Paul"]
[Result "1/2-1/2"]
[Termination "normal"]
[Board "5.3"]
[WhiteElo "1185"]
[BlackElo "926"]
[WhiteTeam "USC Magdeburg 1"]
[BlackTeam "Lübecker SV von 1873"]
[PlyCount "23"]
[WhiteFideId "16227638"]
[BlackFideId "16233891"]
[EventCountry "GER"]
[EventRounds "7"]
[EventType "team-swiss"]
[EventDate "2015.12.27"]

1. e4 c5 2. Nf3 e6 3. d4 cxd4 4. Nxd4 a6 5. Nc3 Nc6 6. Nde2 Qc7 7. g3 Nf6 8.
Bg2 d6 9. f4 g6 10. Be3 Bg7 11. Qd2 O-O 12. Bf3 {nicht weiter nachvollziehbar}
1/2-1/2

[Event "DVM U10 2015"]
[Site "Magdeburg GER"]
[Date "2015.12.28"]
[Round "3"]
[White "Pixa, Karl"]
[Black "Zeuner, Ole"]
[Result "0-1"]
[Termination "normal"]
[Board "6.1"]
[WhiteElo "1134"]
[BlackElo "1559"]
[WhiteTeam "SV Dresden-Striesen 1990"]
[BlackTeam "Schachzwerge Magdeburg 1"]
[PlyCount "74"]
[WhiteFideId "16240480"]
[BlackFideId "12943576"]
[EventCountry "GER"]
[EventRounds "7"]
[EventType "team-swiss"]
[EventDate "2015.12.27"]

1. e4 e5 2. Nf3 Nc6 3. d4 exd4 4. Nxd4 Nf6 5. Nc3 d6 6. Bg5 Be7 7. Bb5 Bd7 8.
O-O O-O 9. Re1 Re8 10. Nxc6 bxc6 11. Bd3 Rb8 12. Rb1 Ng4 13. Bxe7 Rxe7 14. f3
Ne5 15. Qd2 Rb7 16. a3 Qb8 17. b3 Qd8 18. a4 Re6 19. Qf2 Qf6 20. Be2 c5 21. f4
Nc6 22. Bg4 Qxc3 23. Bxe6 Bxe6 24. f5 Bd7 25. Re3 Qe5 26. Qg3 Qxg3 27. Rxg3 Nd4
28. f6 Ne2+ 29. Kh1 Nxg3+ 30. hxg3 gxf6 31. Rf1 Kg7 32. Kg1 Rb8 33. Kf2 Re8 34.
Ke3 Bc6 35. Rf4 f5 36. Rxf5 Bxe4 37. Rg5+ Kf6 0-1

[Event "DVM U10 2015"]
[Site "Magdeburg GER"]
[Date "2015.12.28"]
[Round "3"]
[White "Morgenstern, Tobias"]
[Black "Richter, Nicholas"]
[Result "1/2-1/2"]
[Termination "normal"]
[Board "6.2"]
[WhiteElo "1342"]
[BlackElo "1105"]
[WhiteTeam "Schachzwerge Magdeburg 1"]
[BlackTeam "SV Dresden-Striesen 1990"]
[PlyCount "100"]
[WhiteFideId "12974390"]
[BlackFideId "16244834"]
[EventCountry "GER"]
[EventRounds "7"]
[EventType "team-swiss"]
[EventDate "2015.12.27"]

1. e4 e5 2. Nf3 Nc6 3. Bc4 Bc5 4. c3 Nf6 5. d4 exd4 6. e5 Qe7 7. cxd4 Bb4+ 8.
Bd2 d5 9. Bb5 Bxd2+ 10. Nbxd2 Bd7 11. O-O Ne4 12. Re1 Nxd2 13. Qxd2 O-O 14. a3
a6 15. Bd3 f5 16. Qf4 h6 17. Rac1 Rae8 18. Qg3 f4 19. Qg6 Qe6 20. Qh5 Qg4 21.
Bg6 Qxh5 22. Bxh5 Re6 23. Bg4 Re7 24. Bxd7 Rxd7 25. Rcd1 Rf5 26. b4 Re7 27. Kf1
g5 28. Nd2 Nxd4 29. Nc4 dxc4 30. Rxd4 Rfxe5 31. Rxe5 Rxe5 32. Rxc4 c6 33. Rd4
Rd5 34. Re4 Kf7 35. Ke2 Kf6 36. Rc4 Re5+ 37. Kd3 Rd5+ 38. Kc2 Ke5 39. f3 Kd6
40. Re4 Re5 41. Rd4+ Ke7 42. Rd2 Rd5 43. Re2+ Kd7 44. Re4 a5 45. Rc4 axb4 46.
axb4 Kd6 47. Re4 Re5 48. Rd4+ Rd5 49. Re4 Re5 50. Rd4+ Rd5 1/2-1/2

[Event "DVM U10 2015"]
[Site "Magdeburg GER"]
[Date "2015.12.28"]
[Round "3"]
[White "Zhong, Ye Li"]
[Black "Joppich, Til"]
[Result "0-1"]
[Termination "normal"]
[Board "6.3"]
[WhiteElo "1070"]
[BlackElo "1515"]
[WhiteTeam "SV Dresden-Striesen 1990"]
[BlackTeam "Schachzwerge Magdeburg 1"]
[PlyCount "98"]
[BlackFideId "16232917"]
[EventCountry "GER"]
[EventRounds "7"]
[EventType "team-swiss"]
[EventDate "2015.12.27"]

1. e4 e5 2. Nf3 Nc6 3. Bc4 Bc5 4. Nc3 Nf6 5. h3 O-O 6. a3 d6 7. d3 Be6 8. Bxe6
fxe6 9. O-O a6 10. Qe2 Qe8 11. Be3 Bb6 12. Bxb6 cxb6 13. Qe3 b5 14. Qb6 Qc8 15.
b4 Nd7 16. Qe3 Qe8 17. Qd2 Qg6 18. Qg5 Qxg5 19. Nxg5 Rf6 20. Nf3 Raf8 21. Nd2
Nd4 22. Rac1 Nb6 23. f3 Na4 24. Ndb1 Rc8 25. Rf2 Nxc3 26. Nxc3 Rxc3 27. Kf1 d5
28. Ke1 Rxa3 29. c3 Nc6 30. Rd2 d4 31. Rdc2 dxc3 32. Rxc3 Rxc3 33. Rxc3 Nxb4
34. Rc7 Nxd3+ 35. Kd2 Rf7 36. Rxf7 Kxf7 37. Kxd3 Ke7 38. Kc3 a5 39. g3 Kd6 40.
h4 Kc5 41. f4 exf4 42. gxf4 a4 43. f5 exf5 44. exf5 b4+ 45. Kd3 a3 46. Kc2 a2
47. Kb2 b3 48. Kxb3 a1=Q 49. Kc2 Qd4 0-1

[Event "DVM U10 2015"]
[Site "Magdeburg GER"]
[Date "2015.12.28"]
[Round "3"]
[White "Heutling, Elina"]
[Black "Haugner, Quentin"]
[Result "1-0"]
[Termination "normal"]
[Board "6.4"]
[WhiteElo "1232"]
[BlackElo "827"]
[WhiteTeam "Schachzwerge Magdeburg 1"]
[BlackTeam "SV Dresden-Striesen 1990"]
[PlyCount "97"]
[WhiteFideId "16244729"]
[EventCountry "GER"]
[EventRounds "7"]
[EventType "team-swiss"]
[EventDate "2015.12.27"]

1. e4 e5 2. Nf3 Nc6 3. Bc4 Bc5 4. c3 Nf6 5. d4 exd4 6. cxd4 Bb4+ 7. Bd2 Bxd2+
8. Nbxd2 O-O 9. d5 Ne7 10. O-O d6 11. Re1 Bg4 12. Qc2 Bxf3 13. Nxf3 Re8 14.
Rac1 Ng6 15. Qb3 Nxe4 16. Bd3 Nf6 17. Qxb7 Rb8 18. Qxc7 Qxc7 19. Rxc7 Rxe1+ 20.
Nxe1 Rxb2 21. Rxa7 Rd2 22. Bc4 Nxd5 23. Ra8+ Nf8 24. Rd8 Rd1 25. Kf1 Nf4 26.
Re8 d5 27. Rd8 d4 28. g3 N4e6 29. Rd6 h6 30. Ke2 Rc1 31. Bb3 Rc5 32. Nf3 Rf5
33. Nxd4 Nxd4+ 34. Rxd4 Re5+ 35. Kd3 Rf5 36. Rf4 Rxf4 37. gxf4 Nd7 38. Kd4 Nf6
39. a4 Ne8 40. a5 Nd6 41. a6 Nc8 42. Kc5 Kf8 43. Kc6 Ke8 44. Kc7 Na7 45. Ba4+
Ke7 46. Kb7 Nc6 47. Bxc6 Kf6 48. a7 g6 49. a8=Q 1-0

[Event "DVM U10 2015"]
[Site "Magdeburg GER"]
[Date "2015.12.28"]
[Round "3"]
[White "Hommer, Jeremy"]
[Black "Kraftsik, Christian"]
[Result "1-0"]
[Termination "normal"]
[Board "7.1"]
[WhiteElo "1679"]
[BlackElo "1271"]
[WhiteTeam "SC Turm Lüneburg"]
[BlackTeam "SC Vaterstetten"]
[PlyCount "81"]
[WhiteFideId "12992577"]
[BlackFideId "16242548"]
[EventCountry "GER"]
[EventRounds "7"]
[EventType "team-swiss"]
[EventDate "2015.12.27"]

1. g3 e5 2. Bg2 d5 3. c4 Nf6 4. e3 Nc6 5. Ne2 Bc5 6. d4 Bb4+ 7. Nbc3 Be6 8. Bd2
Bxc3 9. Bxc3 e4 10. cxd5 Bxd5 11. Nf4 Qd6 12. a3 a5 13. Nxd5 Qxd5 14. O-O O-O
15. Qc2 Rfe8 16. b4 axb4 17. Bxb4 Nxb4 18. axb4 Rxa1 19. Rxa1 c6 20. Ra5 b5 21.
Bf1 Rc8 22. Ra6 Qd8 23. Qxe4 Nd5 24. Qb1 Nc3 25. Qc2 Na4 26. Rxc6 Rxc6 27. Qxc6
Nb2 28. Bxb5 Qb8 29. Qe8+ Qxe8 30. Bxe8 Kf8 31. Bb5 Ke7 32. Kf1 Kd6 33. Ke2 Kd5
34. f3 Nc4 35. Bxc4+ Kxc4 36. b5 Kxb5 37. Kd3 Kc6 38. Ke4 Kd6 39. d5 Kd7 40.
Kd4 Kd6 41. e4 1-0

[Event "DVM U10 2015"]
[Site "Magdeburg GER"]
[Date "2015.12.28"]
[Round "3"]
[White "Röll, Lea"]
[Black "Wusterack, Paul"]
[Result "1/2-1/2"]
[Termination "normal"]
[Board "7.2"]
[WhiteElo "969"]
[BlackElo "990"]
[WhiteTeam "SC Vaterstetten"]
[BlackTeam "SC Turm Lüneburg"]
[PlyCount "115"]
[WhiteFideId "16255437"]
[BlackFideId "16255356"]
[EventCountry "GER"]
[EventRounds "7"]
[EventType "team-swiss"]
[EventDate "2015.12.27"]

1. e4 e5 2. Bc4 Nf6 3. d3 Nc6 4. Nc3 h6 5. Nge2 Bb4 6. O-O O-O 7. f4 Bc5+ 8.
Kh1 exf4 9. Nxf4 d6 10. Qe1 Nd4 11. Bb3 Nxb3 12. cxb3 Qe7 13. Ncd5 Nxd5 14.
Nxd5 Qd8 15. a4 c6 16. Nf4 Be6 17. Ne2 Bxb3 18. a5 Be6 19. d4 Bxd4 20. Nxd4 Bc4
21. Rf3 Qe7 22. Bf4 Qf6 23. e5 dxe5 24. Bxe5 Qg5 25. Qg3 Qxg3 26. Rxg3 f6 27.
Bd6 Rfd8 28. Rc1 Rxd6 29. Rxc4 Re8 30. h3 Re4 31. Nf5 Rd1+ 32. Kh2 Rxc4 33. Ne3
Rdd4 34. Nxc4 Rxc4 35. Rb3 Ra4 36. Rxb7 Rxa5 37. Rc7 Rb5 38. Rxc6 Rxb2 39. Rc8+
Kh7 40. Ra8 Ra2 41. Kg3 Kg6 42. Kg4 f5+ 43. Kh4 Rxg2 44. Rxa7 Rf2 45. Kg3 Rd2
46. Kf4 Rd3 47. h4 Rd4+ 48. Kg3 f4+ 49. Kf3 Kh5 50. Rxg7 Kxh4 51. Rg8 h5 52.
Rg7 Kh3 53. Rg8 h4 54. Rg7 Kh2 55. Rg8 h3 56. Rg7 Kh1 57. Rg8 h2 58. Rg7
1/2-1/2

[Event "DVM U10 2015"]
[Site "Magdeburg GER"]
[Date "2015.12.28"]
[Round "3"]
[White "Pietsch, Julius"]
[Black "Pflugradt, Natalie"]
[Result "1/2-1/2"]
[Termination "normal"]
[Board "8.1"]
[WhiteElo "1344"]
[BlackElo "1463"]
[WhiteTeam "SV Roter Turm Halle 1"]
[BlackTeam "SG Blau-Weiß Stadtilm 1"]
[PlyCount "92"]
[WhiteFideId "12985660"]
[BlackFideId "16212444"]
[EventCountry "GER"]
[EventRounds "7"]
[EventType "team-swiss"]
[EventDate "2015.12.27"]

1. e4 e5 2. Nf3 Nc6 3. Bc4 Bc5 4. Nc3 Nf6 5. d3 h6 6. O-O d6 7. h3 Be6 8. Bb3
Qd7 9. Be3 Bb6 10. Re1 O-O-O 11. Bxb6 axb6 12. Bxe6 Qxe6 13. Qd2 g5 14. Qe3 g4
15. Nd2 gxh3 16. Qxh3 Qxh3 17. gxh3 Rhg8+ 18. Kh2 Nd4 19. Rec1 d5 20. a4 Nc6
21. Rg1 dxe4 22. Ndxe4 Nxe4 23. Nxe4 Nd4 24. Rxg8 Rxg8 25. Rc1 Nf3+ 26. Kh1 f5
27. Ng3 f4 28. Ne4 Ng5 29. Rg1 Re8 30. Nxg5 hxg5 31. Rxg5 e4 32. h4 e3 33. fxe3
fxe3 34. Rg1 e2 35. Re1 Rh8 36. Rxe2 Rxh4+ 37. Kg1 Rxa4 38. b3 Ra7 39. Kf2 Kd7
40. Ke3 c5 41. Kd2 Kd6 42. Kc3 b5 43. b4 Ra3+ 44. Kb2 cxb4 45. Re4 Ra4 46. Kb3
Kc5 1/2-1/2

[Event "DVM U10 2015"]
[Site "Magdeburg GER"]
[Date "2015.12.28"]
[Round "3"]
[White "Schmidt, Pauline"]
[Black "Pietsch, Johann"]
[Result "0-1"]
[Termination "normal"]
[Board "8.2"]
[WhiteElo "1142"]
[BlackElo "1110"]
[WhiteTeam "SG Blau-Weiß Stadtilm 1"]
[BlackTeam "SV Roter Turm Halle 1"]
[PlyCount "69"]
[WhiteFideId "16209850"]
[BlackFideId "12987000"]
[EventCountry "GER"]
[EventRounds "7"]
[EventType "team-swiss"]
[EventDate "2015.12.27"]

1. e4 e5 2. Nf3 Nc6 3. d4 exd4 4. Bc4 Bc5 5. c3 Qe7 6. O-O d6 7. cxd4 Bb6 8. h3
Bd7 9. d5 Ne5 10. Nxe5 Qxe5 11. Nc3 Qg3 12. Qf3 Qxf3 13. gxf3 Bxh3 14. Re1
O-O-O 15. b4 Bd4 16. Bd2 Ne7 17. a4 h5 18. Kh2 Bd7 19. Kg2 h4 20. Kf1 h3 21.
Ke2 h2 22. Rh1 Rh3 23. b5 Ng6 24. Kd3 Bxf2 25. Ke2 Bd4 26. a5 Nh4 27. b6 a6 28.
bxc7 Kxc7 29. Rab1 Rxf3 30. Rb3 Bg4 31. Ke1 Ng2+ 32. Ke2 Rxc3+ 33. Kf1 Rxb3 34.
Bxb3 Ne3+ 35. Bxe3 0-1

[Event "DVM U10 2015"]
[Site "Magdeburg GER"]
[Date "2015.12.28"]
[Round "3"]
[White "Kuppe, Eugen"]
[Black "Rapp, Leonard"]
[Result "1-0"]
[Termination "normal"]
[Board "8.3"]
[WhiteElo "933"]
[BlackElo "1504"]
[WhiteTeam "SV Roter Turm Halle 1"]
[BlackTeam "SG Blau-Weiß Stadtilm 1"]
[PlyCount "119"]
[BlackFideId "16212428"]
[EventCountry "GER"]
[EventRounds "7"]
[EventType "team-swiss"]
[EventDate "2015.12.27"]

1. d4 d5 2. c4 e6 3. Nc3 Nf6 4. e3 Nc6 5. Nf3 b6 6. Bd3 Ba6 7. cxd5 Bxd3 8.
dxc6 Bg6 9. Ne5 Bf5 10. g4 Bg6 11. f3 Bd6 12. Bd2 Bxe5 13. dxe5 Nd5 14. Nxd5
Qxd5 15. e4 Qxc6 16. Bc3 O-O 17. O-O Rad8 18. Qe2 Qc5+ 19. Kh1 Rd7 20. Rad1
Rfd8 21. Rxd7 Rxd7 22. Rd1 Rxd1+ 23. Qxd1 Qf8 24. a3 a5 25. h4 h6 26. Qe2 f6
27. exf6 gxf6 28. e5 f5 29. h5 Be8 30. Qd3 fxg4 31. fxg4 Qg7 32. Qf3 Qg5 33.
Kh2 c5 34. Kg3 Qc1 35. Qf2 Bc6 36. Qe1 Qc2 37. Qd2 Qe4 38. Qd8+ Kf7 39. Qc7+
Ke8 40. Qb8+ Kd7 41. Qd6+ Kc8 42. Qxe6+ Kb7 43. Qd6 Ka7 44. Qxh6 Qf3+ 45. Kh4
Qh1+ 46. Kg5 Qc1+ 47. Kg6 Be4+ 48. Kg7 Qd1 49. Qf4 Qd7+ 50. Qf7 Qxf7+ 51. Kxf7
Bd5+ 52. Kf6 Kb8 53. e6 Kc7 54. e7 Kd7 55. h6 Bg8 56. g5 Ke8 57. g6 a4 58. h7
Bxh7 59. gxh7 Kd7 60. h8=Q 1-0

[Event "DVM U10 2015"]
[Site "Magdeburg GER"]
[Date "2015.12.28"]
[Round "3"]
[White "Langer, Paul Georg"]
[Black "Adelmeyer, Nelly"]
[Result "1/2-1/2"]
[Termination "normal"]
[Board "8.4"]
[WhiteElo "1118"]
[BlackElo "1016"]
[WhiteTeam "SG Blau-Weiß Stadtilm 1"]
[BlackTeam "SV Roter Turm Halle 1"]
[PlyCount "132"]
[WhiteFideId "16230051"]
[BlackFideId "16203577"]
[EventCountry "GER"]
[EventRounds "7"]
[EventType "team-swiss"]
[EventDate "2015.12.27"]

1. e4 e5 2. Nf3 Nc6 3. Bc4 Be7 4. Nc3 Nf6 5. d3 O-O 6. Be3 d6 7. Qd2 Bd7 8.
O-O-O Ng4 9. h3 Nxe3 10. Qxe3 h6 11. Kb1 Bg5 12. Nxg5 Qxg5 13. Qxg5 hxg5 14.
Nd5 Rac8 15. f3 Be6 16. h4 gxh4 17. Rxh4 Bxd5 18. Bxd5 Nb4 19. Rdh1 g6 20. f4
Nxd5 21. exd5 Kg7 22. fxe5 dxe5 23. d4 exd4 24. Rxd4 Rh8 25. Rdh4 Rhe8 26. c3
Re7 27. Rh7+ Kf6 28. R7h3 Rce8 29. Rf3+ Kg7 30. g3 Re1+ 31. Rxe1 Rxe1+ 32. Kc2
Re2+ 33. Kb3 Rd2 34. c4 a6 35. Kc3 Rd1 36. Kc2 Rd4 37. b3 b5 38. Kc3 Rd1 39.
Kb4 Rd2 40. a3 Rd4 41. Kc5 Rd2 42. cxb5 axb5 43. Kxb5 Rxd5+ 44. Kc6 Ra5 45. b4
Ra7 46. Kb5 f5 47. Rf4 Rxa3 48. g4 fxg4 49. Rxg4 Kf6 50. Rf4+ Kg5 51. Rf7 Kh4
52. Rxc7 g5 53. Rh7+ Kg3 54. Kc6 g4 55. b5 Kf2 56. b6 g3 57. b7 Rb3 58. Rf7+
Kg1 59. Rf8 Rc3+ 60. Kd5 Rb3 61. b8=Q Rxb8 62. Rxb8 Kf2 63. Rf8+ Kg1 64. Ke4 g2
65. Rg8 Kf2 66. Rxg2+ Kxg2 1/2-1/2

[Event "DVM U10 2015"]
[Site "Magdeburg GER"]
[Date "2015.12.28"]
[Round "3"]
[White "Schlie, Johann"]
[Black "Eulenstein, Conrad"]
[Result "1/2-1/2"]
[Termination "normal"]
[Board "9.1"]
[WhiteElo "1204"]
[BlackElo "1061"]
[WhiteTeam "Hagener SV"]
[BlackTeam "SV Empor Berlin"]
[PlyCount "36"]
[WhiteFideId "16211596"]
[EventCountry "GER"]
[EventRounds "7"]
[EventType "team-swiss"]
[EventDate "2015.12.27"]

1. d4 d5 2. Bf4 Bf5 3. Nc3 a6 4. e3 e6 5. Bd3 Bxd3 6. Qxd3 Bb4 7. Nge2 Nf6 8.
O-O-O Nbd7 9. f3 Nb6 10. g4 Qe7 11. h4 h6 12. e4 O-O-O 13. e5 Nfd7 14. Be3 f6
15. f4 fxe5 16. dxe5 Bc5 17. Nd4 Nc4 18. Rh3 Ndb6 1/2-1/2

[Event "DVM U10 2015"]
[Site "Magdeburg GER"]
[Date "2015.12.28"]
[Round "3"]
[White "Kriuckova, Sonia"]
[Black "Brunner, Alexander"]
[Result "1-0"]
[Termination "normal"]
[Board "9.2"]
[WhiteElo "1208"]
[BlackElo "1222"]
[WhiteTeam "SV Empor Berlin"]
[BlackTeam "Hagener SV"]
[PlyCount "81"]
[WhiteFideId "16204310"]
[BlackFideId "12965278"]
[EventCountry "GER"]
[EventRounds "7"]
[EventType "team-swiss"]
[EventDate "2015.12.27"]

1. e4 e5 2. Nf3 Nf6 3. Nxe5 Qe7 4. d4 d6 5. Nf3 Nxe4 6. Qe2 Bg4 7. Be3 Nc6 8.
Nbd2 O-O-O 9. O-O-O g6 10. h3 Bf5 11. g4 Be6 12. Nxe4 Bc4 13. Qxc4 Qxe4 14. Bg2
h6 15. Qd3 Qe6 16. d5 Nb4 17. dxe6 Nxd3+ 18. Rxd3 fxe6 19. Nd4 e5 20. Ne6 Re8
21. Nxf8 Rhxf8 22. Rhd1 e4 23. Rc3 Rd8 24. Bxa7 b6 25. Bxb6 Rd7 26. Bxe4 Kb8
27. Ba5 Rxf2 28. Rb3+ Kc8 29. Bc6 Re7 30. Rb7 Rfe2 31. b4 R2e6 32. b5 Re5 33.
c4 g5 34. Bb4 R5e6 35. b6 cxb6 36. Rxe7 Rxe7 37. Bxd6 Re3 38. Rf1 Rc3+ 39. Kb2
Rc2+ 40. Kxc2 Kd8 41. Rf8# 1-0

[Event "DVM U10 2015"]
[Site "Magdeburg GER"]
[Date "2015.12.28"]
[Round "3"]
[White "Maul, Maik"]
[Black "Müller, Luca"]
[Result "1-0"]
[Termination "normal"]
[Board "9.3"]
[WhiteElo "1378"]
[BlackElo "848"]
[WhiteTeam "Hagener SV"]
[BlackTeam "SV Empor Berlin"]
[PlyCount "69"]
[WhiteFideId "16204816"]
[BlackFideId "16236130"]
[EventCountry "GER"]
[EventRounds "7"]
[EventType "team-swiss"]
[EventDate "2015.12.27"]

1. e4 c5 2. d4 b6 3. dxc5 bxc5 4. Qd5 Qc7 5. Qxa8 Nc6 6. Ba6 Qa5+ 7. Bd2 Qxa6
8. Nc3 Qb7 9. Qxb7 Bxb7 10. Nf3 e5 11. O-O-O Nd4 12. Nxe5 Bd6 13. f4 f6 14. Nc4
Bc7 15. Rhe1 Ne7 16. Nd5 Bd8 17. Nd6+ Kf8 18. Nxe7 Bb6 19. Nxb7 Kxe7 20. f5 Rb8
21. Nxc5 Bxc5 22. Be3 Ne6 23. fxe6 Bxe3+ 24. Rxe3 dxe6 25. Red3 Rb7 26. Rd8 Rc7
27. h4 h5 28. Rh8 g6 29. Rh7+ Ke8 30. Rxc7 f5 31. exf5 exf5 32. Rdd7 f4 33.
Rxa7 g5 34. Rh7 Kf8 35. Rh8# 1-0

[Event "DVM U10 2015"]
[Site "Magdeburg GER"]
[Date "2015.12.28"]
[Round "3"]
[White "Mantu, Gabriel"]
[Black "Lutz, Adam"]
[Result "0-1"]
[Termination "normal"]
[Board "10.2"]
[WhiteElo "947"]
[BlackElo "1423"]
[WhiteTeam "SV Empor Erfurt 2"]
[BlackTeam "USV TU Dresden 1"]
[PlyCount "106"]
[WhiteFideId "16278046"]
[BlackFideId "16226615"]
[EventCountry "GER"]
[EventRounds "7"]
[EventType "team-swiss"]
[EventDate "2015.12.27"]

1. b4 e6 2. Bb2 Nf6 3. a3 d6 4. e3 d5 5. Nf3 Bd6 6. c4 O-O 7. c5 Be7 8. Be2 Nc6
9. O-O Bd7 10. Qc2 h6 11. Re1 Rc8 12. Bd3 b5 13. cxb6 cxb6 14. Bxf6 Bxf6 15.
Nc3 b5 16. Rad1 Re8 17. e4 d4 18. Ne2 Nxb4 19. Qb3 Nxd3 20. Qxd3 e5 21. Ng3 Be6
22. Qb1 d3 23. Re3 Bc4 24. Nh5 Re6 25. Nxf6+ Qxf6 26. Rc1 Rec6 27. Qb2 Rc5 28.
Ne1 Qd6 29. h3 R8c7 30. Rc3 Qd4 31. Nxd3 Bxd3 32. Rexd3 Qxe4 33. Re3 Qd4 34.
Red3 Qe4 35. Re3 Qd5 36. Red3 Qe6 37. Rd8+ Kh7 38. Qc2+ Qg6 39. Rxc5 Qxc2 40.
Rxc2 Rxc2 41. Rd7 f6 42. Rxa7 Rxd2 43. Ra6 Kg6 44. Ra5 Rd3 45. Kf1 Kf5 46. Ke2
Ke4 47. f3+ Kd4 48. Rxb5 Rxa3 49. Rb4+ Kc5 50. Rg4 g5 51. Re4 Ra2+ 52. Kf1 Rd2
53. Ke1 Rc2 0-1

[Event "DVM U10 2015"]
[Site "Magdeburg GER"]
[Date "2015.12.28"]
[Round "3"]
[White "Nguyen, Phuong Thao Vivien"]
[Black "Runds, Emily Sophie"]
[Result "1-0"]
[Termination "normal"]
[Board "10.3"]
[WhiteElo "1333"]
[BlackElo "976"]
[WhiteTeam "USV TU Dresden 1"]
[BlackTeam "SV Empor Erfurt 2"]
[PlyCount "47"]
[WhiteFideId "16210735"]
[BlackFideId "16235231"]
[EventCountry "GER"]
[EventRounds "7"]
[EventType "team-swiss"]
[EventDate "2015.12.27"]

1. e4 e5 2. Nf3 Nc6 3. Bc4 Bc5 4. O-O Nf6 5. d4 exd4 6. e5 Ng4 7. Bxf7+ Kxf7 8.
Ng5+ Ke8 9. Qxg4 Nxe5 10. Qg3 Bd6 11. Re1 Qf6 12. f4 Bc5 13. Rxe5+ Kf8 14. Rxc5
Qd6 15. Qb3 Qe7 16. Re5 Qf6 17. Qd3 d6 18. Rd5 Qe7 19. Bd2 c5 20. Na3 Qd7 21.
Nxh7+ Rxh7 22. Qxh7 Qg4 23. Rg5 Qe2 24. Rxg7 1-0